| 000 | 00598nam a22001937a 4500 | ||
|---|---|---|---|
| 003 | OSt | ||
| 005 | 20160922190658.0 | ||
| 008 | 151201b xxu||||| |||| 00| 0 eng d | ||
| 020 | _a9781259255724 | ||
| 082 |
_22015 _aDC 577 _bC91 |
||
| 100 |
_9751 _aCunningham, William P. |
||
| 245 |
_aEnvironmental science: _ba global concern/ _cWilliam P. Cunningham |
||
| 250 | _aThirteenth edition. | ||
| 260 |
_aNew York: _bMcGraw Hill, _cc2015 |
||
| 300 |
_axxvi, 614 pages: _billustrations; _c27 cm. |
||
| 500 | _aIncludes glossary, credits and index. | ||
| 700 |
_9753 _aCunningham, Mary Ann |
||
| 942 |
_2ddc _cDC |
||
| 999 |
_c317 _d317 |
||